provinces slovénie - Statistiques

Statistiques générales
  • Ce quiz a été pris 47 fois
  • Le résultat moyen est 6 sur 226
Statistiques - réponses
Réponse % Correct
ljubljana
100%
bled
57%
koper
57%
maribor
57%
kranj
43%
celje
29%
nova gorica
29%
Ajdovscina
14%
Apače
14%
Beltinci
14%
benedikt
14%
bloke
14%
bohinj
14%
bovec
14%
izola
14%
murska sobota
14%
muta
14%
naklo
14%
nazarje
14%
novo mesto
14%
odranci
14%
piran
14%
ptuj
14%
velenje
14%
Ankaran
0%
bistrica on sotli
0%
borovnica
0%
braslovce
0%
brda
0%
brezice
0%
brezovica
0%
cankova
0%
cerklje na gorenjskem
0%
cerknica
0%
cerkno
0%
cerkvenjak
0%
cirkulane
0%
crensovci
0%
crna na koroskem
0%
crnomelj
0%
destrnik
0%
divaca
0%
dobje
0%
dobrepolje
0%
dobrna
0%
dobrova polhov gradec
0%
dobrovnik
0%
dolenjske toplice
0%
dol pri ljubljani
0%
domzale
0%
dornava
0%
dravograd
0%
duplek
0%
gorenja vas poljane
0%
gorisnica
0%
gorje
0%
gornja radgona
0%
gornji grad
0%
gornji petrovci
0%
grad
0%
grosuplje
0%
hajdina
0%
hoce slivinica
0%
hodos
0%
horjul
0%
hrastnik
0%
hrpelje kozina
0%
idrija
0%
ig
0%
ilirska bistrica
0%
ivancna gorica
0%
jesenice
0%
jezersko
0%
jursinci
0%
kamnik
0%
kanal
0%
kidricevo
0%
kobarid
0%
kobilje
0%
kocevje
0%
komen
0%
komenda
0%
kostanjevica na krki
0%
kostel
0%
kozje
0%
kranjska gora
0%
krizevci
0%
krsko
0%
kungota
0%
kuzma
0%
lasko
0%
lenart
0%
lendava
0%
litija
0%
ljubno
0%
ljutomer
0%
logatec
0%
log dragomer
0%
loska dolina
0%
loski potok
0%
lovrenc na pohorju
0%
luce
0%
lukovica
0%
majsperk
0%
makole
0%
markovci
0%
medvode
0%
menges
0%
metlika
0%
mezica
0%
miklavz na dravskem polju
0%
miren kostanjevica
0%
mirna
0%
mirna pec
0%
mislinja
0%
mokronog trebelno
0%
moravce
0%
moravske toplice
0%
mozirje
0%
oplotnica
0%
ormoz
0%
oslinica
0%
pesnica
0%
pivka
0%
podcertrtek
0%
podlehnik
0%
podvelka
0%
poljcane
0%
polzela
0%
postojna
0%
prebold
0%
preddvor
0%
prevalje
0%
puconci
0%
race fram
0%
radece
0%
radenci
0%
radlje ob dravi
0%
radovljica
0%
ravne na koroskem
0%
razkrizje
0%
recica ob savinji
0%
rence vogrsko
0%
ribnica
0%
ribnica na pohorju
0%
rogaska slatina
0%
rogasovci
0%
rogatec
0%
ruse
0%
salovci
0%
selnica ob dravi
0%
semic
0%
sempeter vrtojba
0%
sencur
0%
sentilj
0%
sentjernej
0%
sentjur
0%
sentrupert
0%
sevnica
0%
sezana
0%
skocjan
0%
skofja loka
0%
skofljica
0%
slovenj gradec
0%
slovenska bistrica
0%
slovenskih konjice
0%
smarjeske toplice
0%
smarter pri jelsah
0%
smartno ob paki
0%
smartno pri litiji
0%
sodrazica
0%
solcava
0%
sostanj
0%
sredisce ob dravi
0%
starse
0%
store
0%
straza
0%
sveta ana
0%
sveta trojica v slovenskih goricah
0%
sveti andraz v slovenskih goricah
0%
sveti jurij ob scavnici
0%
sveti jurij v slovenskih goricah
0%
sveti tomaz
0%
tabor
0%
tisina
0%
tolmin
0%
trbovlje
0%
trebnje
0%
trnovska vas
0%
trzic
0%
trzin
0%
turnisce
0%
velika polana
0%
velike lasce
0%
verzej
0%
videm
0%
vipava
0%
vitanje
0%
vodice
0%
vojnik
0%
vransko
0%
vrhnika
0%
vuzenica
0%
zagorje ob savi
0%
zalec
0%
zavrc
0%
zelezniki
0%
zetale
0%
ziri
0%
zirovnica
0%
zrece
0%
zuzemberk
0%
Aucun quiz correspondant
Distribution des résultats
% des personnes avec chaque résultat
Percentile par nombre de réponses
Votre historique - résultats
Vous n’avez pas pris ce quiz